A brief course organic chemistry : (Record no. 183641)
[ view plain ]
| 000 -LEADER | |
|---|---|
| fixed length control field | 01304 a2200205 4500 |
| 003 - CONTROL NUMBER IDENTIFIER | |
| control field | Nust |
| 005 - DATE AND TIME OF LATEST TRANSACTION | |
| control field | 20221012115806.0 |
| 010 ## - LIBRARY OF CONGRESS CONTROL NUMBER | |
| LC control number | 73006256 |
| 020 ## - INTERNATIONAL STANDARD BOOK NUMBER | |
| International Standard Book Number | 0669849545 |
| 040 ## - CATALOGING SOURCE | |
| Transcribing agency | Nust |
| 082 00 - DEWEY DECIMAL CLASSIFICATION NUMBER | |
| Classification number | 547,LIN |
| 100 1# - MAIN ENTRY--PERSONAL NAME | |
| Personal name | Linstromberg, Walter William, |
| 9 (RLIN) | 99995 |
| 245 00 - TITLE STATEMENT | |
| Title | A brief course organic chemistry : |
| Remainder of title | a brief course / |
| Statement of responsibility, etc. | Walter W. Linstromberg. |
| 250 ## - EDITION STATEMENT | |
| Edition statement | 3rd ed. |
| 260 ## - PUBLICATION, DISTRIBUTION, ETC. | |
| Place of publication, distribution, etc. | Lexington, Mass., |
| Name of publisher, distributor, etc. | Heath |
| Date of publication, distribution, etc. | [1974] |
| 300 ## - PHYSICAL DESCRIPTION | |
| Extent | xii, 500 p. |
| Other physical details | illus. |
| Dimensions | 25 cm. |
| 505 ## - FORMATTED CONTENTS NOTE | |
| Formatted contents note | General Principles (Page-1), The Saturated Hydrocarbons or Alkenes (Page-30), The Unsaturated Hydrocarbons –Olefins and Acetylenes (Page-60), The Aromatic Hydrocarbons or Arenas (Page-96), Natural Gas Petroleum and Petrochemicals (Page-122), Stereoisomerism (Page-135), Organic Halogen Compounds (Page-156), Alcohols ,Phenols , and Ethers (Page-177), The Aldehydes and Ketones (Page-217), The Carboxylic Acid and Their Derivatives (Page-252), Fast, Oils, Waxes (Page-287) Bifunctional Acids (Page-310), Amines and other Nitrogen Compounds (Page-331), Carbohydrates (Page-364), Amino Acids , Peptides and Proteins (Page-389), The Nucleic Acid (Page-416), Heterocyclic Compounds –Natural Products (Page-434), Color in Organic Compound Dyes (Page-468), |
| 650 #0 - SUBJECT ADDED ENTRY--TOPICAL TERM | |
| Topical term or geographic name entry element | Chemistry, Organic. |
| 9 (RLIN) | 1252 |
| 942 ## - ADDED ENTRY ELEMENTS (KOHA) | |
| Source of classification or shelving scheme | |
| Koha item type | Book |
| Withdrawn status | Lost status | Source of classification or shelving scheme | Damaged status | Not for loan | Permanent Location | Current Location | Shelving location | Date acquired | Full call number | Barcode | Date last seen | Price effective from | Koha item type | Public note |
|---|---|---|---|---|---|---|---|---|---|---|---|---|---|---|
| Military College of Signals (MCS) | Military College of Signals (MCS) | General Stacks | 12/12/2016 | 547,LIN | MCS21285 | 12/08/2016 | 12/12/2016 | Book | Almirah No.25, Shelf No.4 |
